| 000 | 01130 a2200301 4500 | ||
|---|---|---|---|
| 005 | 20210928151030.0 | ||
| 008 | 120830s2018 sp a|||gr|||| 00| 0 spa d | ||
| 020 | _a9788491132462 | ||
| 040 |
_aCO-BoUCM _bspa _cDeissy Garcia _dDeissy Garcia |
||
| 041 | 0 | _aspa | |
| 060 | _aWY 161 | ||
| 100 | 1 |
_aLewis, Sharon L. _9106435 |
|
| 245 |
_aGuía práctica de enfermería medicoquirúrgica _bevaluación y abordaje de problemas clinicos _cpreparada por Debra Hagler, Sharon L. Lewis, Linda Bucher ... [y otros 4] |
||
| 250 | _a10a.Ed. | ||
| 260 |
_aBarcelona _bElsevier _c2018 |
||
| 300 |
_axiii, 814 páginas _bilustraciones |
||
| 504 | _aIncluye referencias bibliográficas | ||
| 650 | 7 |
_912365 _aCuidados postoperatorios _vManuales |
|
| 650 | 7 |
_914510 _aEnfermería quirúrgica |
|
| 650 | 7 |
_aCirugía _xCuidado del paciente _9106504 |
|
| 650 | 7 |
_aEnfermería _914489 |
|
| 700 | 1 |
_9106502 _aHagler, Debra |
|
| 700 | 1 |
_9106503 _aBucher, Linda |
|
| 700 | 1 |
_aHeitkemper, Margaret M. _9106505 |
|
| 700 | 1 |
_aKwong, Jeffrey _9106506 |
|
| 700 | 1 |
_aRoberts, Dottie _9106507 |
|
| 942 |
_cLIBRO _2NLM _a26 _e10 _hWY 161 _mL673e _n0 |
||
| 999 |
_c319946 _d319946 |
||